Estadísticas para Jugadores con más partidos en la Liga de Campeones de la UEFA

Haz click aquí para intentar la prueba.

Estadísticas generales

  • Esta prueba ha sido intentada 94 veces
  • La puntuación promedio es 8 de 10

Estadísticas de respuestas

PartidosNacionaliadJugador% Correcto
183PortugalCristiano Ronaldo
100%
163ArgentinaLionel Messi
100%
149AlemaniaThomas Müller
88%
177EspañaIker Casillas
87%
142EspañaSergio Ramos
85%
151EspañaXavi
85%
152FranciaKarim Benzema
76%
142EspañaRaúl
71%
147AlemaniaToni Kroos
64%
141GalesRyan Giggs
63%

Distribución de puntuación

Porcentaje por número respondido

Porcentaje de gente con cada puntuación

Historial de tus puntuaciones

No has intentado esta prueba.